[Event "4NCL Online Division 4"]
[Site "online"]
[Date "2020.08.25"]
[Round "1.24"]
[White "Khan, Samir"]
[Black "Wood, Ryan"]
[Result "1-0"]
[WhiteElo "1592"]
[BlackElo "1390"]
[PlyCount "115"]
[EventDate "2020.08.25"]
[WhiteTeam "MCS Oxford A"]
[BlackTeam "Rugeley Rangers"]

1. e4 e5 2. Nf3 Nc6 3. Bc4 Bc5 4. b4 Bxb4 5. c3 Ba5 6. d4 exd4 7. Nxd4 Nf6 8.
Nxc6 bxc6 9. Bg5 Qe7 10. O-O O-O 11. Re1 Qe5 12. Bd2 d6 13. h3 Bb6 14. Qa4 Qc5
15. Be3 Qa5 16. Qxc6 Bd7 17. Qb7 Rfb8 18. Qa6 Qxa6 19. Bxa6 Bxe3 20. Rxe3 Rb6
21. Bd3 Rab8 22. Nd2 Bb5 23. Bc2 Ba6 24. Bb3 Nd7 25. Nf3 Nc5 26. e5 Nxb3 27.
axb3 Bb7 28. exd6 cxd6 29. Rxa7 Bxf3 30. Rxf3 R6b7 31. Rxb7 Rxb7 32. b4 f6 33.
Rd3 Rb6 34. Kf1 Kf7 35. Ke2 Ke6 36. Ke3 g5 37. Kd4 h5 38. Re3+ Kd7 39. Rf3 Ke6
40. g4 hxg4 41. hxg4 Rb5 42. Rf5 Rb8 43. f4 gxf4 44. Rxf4 Rb7 45. Re4+ Kd7 46.
Kc4 Rc7+ 47. Kb3 d5 48. Rd4 Ke6 49. b5 Rc8 50. Kb4 Kd6 51. c4 Rc5 52. Rxd5+
Rxd5 53. cxd5 Kxd5 54. Ka5 Kd6 55. Ka6 Kc7 56. Ka7 Kc8 57. b6 f5 58. gxf5 1-0

[Event "4NCL Online Division 4"]
[Site "online"]
[Date "2020.08.25"]
[Round "1.31"]
[White "Nolan, Dermot"]
[Black "Kruitbosch, Gijs"]
[Result "1-0"]
[WhiteElo "1840"]
[BlackElo "1840"]
[PlyCount "109"]
[EventDate "2020.08.25"]
[WhiteTeam "Gondaga"]
[BlackTeam "Wigston 2"]

1. e4 e5 2. Nf3 Nc6 3. Bb5 a6 4. Ba4 Nf6 5. O-O b5 6. Bb3 Bc5 7. Re1 O-O 8. c3
d6 9. h3 h6 10. d4 exd4 11. cxd4 Bb6 12. Be3 Na5 13. Bc2 Nc4 14. Bc1 Bb7 15. b3
Na5 16. Nbd2 Re8 17. Bb2 Nc6 18. Rc1 Ne7 19. Nf1 Ng6 20. Ng3 Rc8 21. e5 Bxf3
22. Qxf3 dxe5 23. dxe5 Qd2 24. Re2 Nh4 25. Rxd2 Nxf3+ 26. gxf3 Nh7 27. Bf5 Rcd8
28. Rcd1 Rxd2 29. Rxd2 Ng5 30. Kg2 g6 31. Be4 Ne6 32. Ne2 Rd8 33. Rxd8+ Nxd8
34. Nd4 c5 35. Nc6 Ne6 36. Ne7+ Kf8 37. Nd5 Ba5 38. f4 Bd8 39. Kf3 Ke8 40. Ne3
Ke7 41. Bd5 Nc7 42. Ke4 Ke8 43. Bc6+ Kf8 44. Ba3 b4 45. Bb2 Bh4 46. f3 Be1 47.
Nc4 Bg3 48. Bc1 Ke7 49. Be3 Ne6 50. Bd5 Be1 51. Bxe6 Kxe6 52. Bxc5 f5+ 53. exf6
Kxf6 54. Ne3 Ke6 55. Nc2 1-0

[Event "4NCL Online Division 4"]
[Site "online"]
[Date "2020.08.25"]
[Round "1.32"]
[White "Pike, Andrew"]
[Black "Goss, Alex"]
[Result "0-1"]
[WhiteElo "1645"]
[BlackElo "1828"]
[PlyCount "60"]
[EventDate "2020.08.25"]
[WhiteTeam "Wigston 2"]
[BlackTeam "Gondaga"]

1. c4 e5 2. a3 Nf6 3. Nc3 d5 4. cxd5 Nxd5 5. e3 Nc6 6. Bb5 a6 7. Ba4 Nxc3 8.
dxc3 Bd7 9. h3 Bd6 10. e4 Qh4 11. Qe2 f5 12. Bc2 f4 13. Nf3 Qf6 14. Bd2 g5 15.
Nh2 h5 16. O-O-O O-O-O 17. g4 fxg3 18. fxg3 Bxh3 19. Qe3 Rhg8 20. Ba4 b5 21.
Bb3 Be6 22. Bd5 Bxd5 23. exd5 Na5 24. Qa7 Bc5 25. Rhf1 Qg6 26. Qa8+ Kd7 27.
Rf7+ Ke8 28. Qxd8+ Kxd8 29. Rdf1 Nb3+ 30. Kd1 Qd3 0-1

[Event "4NCL Online Division 4"]
[Site "online"]
[Date "2020.08.25"]
[Round "1.33"]
[White "Moran, Hugh"]
[Black "Mottram, Paul"]
[Result "1-0"]
[WhiteElo "1711"]
[BlackElo "1592"]
[PlyCount "105"]
[EventDate "2020.08.25"]
[WhiteTeam "Gondaga"]
[BlackTeam "Wigston 2"]

1. e4 c6 2. d4 d5 3. f3 Nf6 4. Nc3 dxe4 5. fxe4 Bg4 6. Be2 Bxe2 7. Ngxe2 e6 8.
O-O Be7 9. Bg5 h6 10. Bxf6 Bxf6 11. e5 Be7 12. Ne4 O-O 13. Nf4 Nd7 14. Qg4 Qb6
15. c3 Nxe5 16. Qg3 Nd7 17. Nh5 g6 18. Nf4 Nf6 19. Nxf6+ Bxf6 20. Qh3 Bg5 21.
Nd3 Qc7 22. Ne5 Kg7 23. Qf3 f5 24. Rae1 Rad8 25. Nd3 Rfe8 26. Re2 Bf6 27. Rfe1
e5 28. Nxe5 c5 29. Qg3 Bxe5 30. Rxe5 Rxe5 31. Qxe5+ Qxe5 32. Rxe5 cxd4 33. cxd4
Rxd4 34. Re7+ Kf6 35. Rxb7 a5 36. Rb5 a4 37. Kf2 Ke6 38. Ke3 Rd5 39. Rb4 Ra5
40. Rb6+ Kf7 41. b4 Ra7 42. b5 Re7+ 43. Kf3 h5 44. Ra6 Rb7 45. b6 Ke6 46. Kf4
Kf6 47. h4 a3 48. g3 Ke6 49. Kg5 Kd5 50. Kxg6 Kc6 51. Kxh5 Rxb6 52. Rxb6+ Kxb6
53. Kg5 1-0

[Event "4NCL Online Division 4"]
[Site "online"]
[Date "2020.08.25"]
[Round "1.34"]
[White "Hill, Granville"]
[Black "Murray, Sam"]
[Result "0-1"]
[WhiteElo "1450"]
[BlackElo "1621"]
[PlyCount "60"]
[EventDate "2020.08.25"]
[WhiteTeam "Wigston 2"]
[BlackTeam "Gondaga"]

1. e4 c6 2. Nf3 d5 3. Nc3 Bg4 4. h3 Bh5 5. d3 Nf6 6. Bg5 Qb6 7. Bxf6 gxf6 8. g4
Bg6 9. exd5 cxd5 10. Qd2 e6 11. a3 Nc6 12. d4 a6 13. Be2 Be4 14. Rd1 h5 15.
Nxe4 dxe4 16. Nh2 O-O-O 17. c3 Bh6 18. Qc2 f5 19. gxh5 Ne7 20. c4 Rxd4 21. Rxd4
Qxd4 22. Rg1 Bf4 23. Nf1 Be5 24. Qb3 Qxb2 25. Qxb2 Bxb2 26. Ne3 f4 27. Nc2 f3
28. Bd1 Rxh5 29. Kd2 Rxh3 30. Rg7 Bxg7 0-1

[Event "4NCL Online Division 4"]
[Site "online"]
[Date "2020.08.25"]
[Round "1.41"]
[White "Carter, John P"]
[Black "Stewart, Martin"]
[Result "1/2-1/2"]
[WhiteElo "1795"]
[BlackElo "1840"]
[PlyCount "71"]
[EventDate "2020.08.25"]
[WhiteTeam "Wantage"]
[BlackTeam "Catford Cosmonauts 3"]

1. e4 e5 2. Nf3 Nf6 3. Nxe5 d6 4. Nf3 Nxe4 5. Nc3 Nxc3 6. dxc3 Be7 7. Be3 Nc6
8. Qd5 O-O 9. Bd3 Be6 10. Qe4 g6 11. h4 Bf5 12. Qf4 Bxd3 13. cxd3 Bf6 14. h5
Ne5 15. O-O-O Bg7 16. Nxe5 dxe5 17. Qh2 Qd6 18. f4 Rfe8 19. g4 exf4 20. Bxf4
Be5 21. Bxe5 Qxe5 22. hxg6 Qxh2 23. gxf7+ Kxf7 24. Rxh2 Kg8 25. Rdh1 Re7 26.
Rh5 Rf8 27. Rg5+ Rg7 28. Rxg7+ Kxg7 29. Re1 Rf7 30. Re5 Kg6 31. Kd2 Rf2+ 32.
Re2 Rf4 33. Re4 Rf2+ 34. Re2 Rf4 35. Re4 Rf2+ 36. Re2 1/2-1/2

[Event "4NCL Online Division 4"]
[Site "online"]
[Date "2020.08.25"]
[Round "1.42"]
[White "Cassen, Robert"]
[Black "Litwiniec, Miroslawa"]
[Result "0-1"]
[WhiteElo "1757"]
[BlackElo "1817"]
[PlyCount "114"]
[EventDate "2020.08.25"]
[WhiteTeam "Catford Cosmonauts 3"]
[BlackTeam "Wantage"]

1. d4 d5 2. c4 c6 3. cxd5 cxd5 4. Bf4 Nc6 5. e3 Nf6 6. Nc3 a6 7. Bd3 Bg4 8. Qb3
Qd7 9. f3 Bh5 10. Na4 Ra7 11. Nb6 Qd8 12. Rc1 e6 13. Kf2 Be7 14. Na4 Nd7 15.
Ne2 O-O 16. Ng3 Bg6 17. Bxg6 fxg6 18. Nc5 Nxd4 19. exd4 Nxc5 20. Qe3 Rxf4 21.
dxc5 Rf6 22. c6 b6 23. Qc3 Bc5+ 24. Ke2 Qd6 25. Rhd1 Qxc6 26. b4 Qb5+ 27. Rd3
Qxb4 28. Qe5 Rb7 29. Rb3 Qd4 30. Qxd4 Bxd4 31. Kd3 Be5 32. Rc6 Bxg3 33. hxg3 e5
34. Rc8+ Kf7 35. Ra8 b5 36. a4 Rc6 37. axb5 axb5 38. Rd8 Rc5 39. f4 exf4 40.
Kd4 Rc4+ 41. Kxd5 g5 42. gxf4 gxf4 43. Rd6 Rc2 44. Rf3 Rd2+ 45. Ke5 Rxd6 46.
Kxd6 b4 47. Rxf4+ Kg6 48. Rf2 b3 49. Rb2 Kg5 50. Kc5 Kg4 51. Kc4 h5 52. Kc3 Kg3
53. Kd3 g5 54. Ke4 g4 55. Kf5 h4 56. Kg5 h3 57. gxh3 gxh3 0-1

[Event "4NCL Online Division 4"]
[Site "online"]
[Date "2020.08.25"]
[Round "1.43"]
[White "Richards, Simon A"]
[Black "Oyvat, Cem"]
[Result "1-0"]
[WhiteElo "1600"]
[BlackElo "1735"]
[PlyCount "121"]
[EventDate "2020.08.25"]
[WhiteTeam "Wantage"]
[BlackTeam "Catford Cosmonauts 3"]

1. e4 c5 2. Nf3 d6 3. d4 cxd4 4. Nxd4 Nf6 5. Nc3 a6 6. Bg5 e5 7. Nf3 Be6 8. Bd3
Be7 9. O-O Nbd7 10. a3 d5 11. exd5 Nxd5 12. Bxe7 Qxe7 13. Nxd5 Bxd5 14. Bf5 Bc6
15. Re1 f6 16. Nd4 g6 17. Nxc6 bxc6 18. Bxd7+ Qxd7 19. f4 O-O-O 20. fxe5 Qxd1
21. Raxd1 Rxd1 22. Rxd1 fxe5 23. Kf2 Kc7 24. Ke3 Rb8 25. b3 Re8 26. Ke4 Re7 27.
Rd3 Rf7 28. Rd2 Re7 29. c4 a5 30. c5 Kb7 31. a4 Kc7 32. h3 Rf7 33. Kxe5 Rf5+
34. Ke6 Rxc5 35. Rd7+ Kb6 36. Rd3 Rc2 37. g4 Rf2 38. Kd6 Rf6+ 39. Ke5 Rf8 40.
Rc3 Rf2 41. Kd4 h5 42. gxh5 gxh5 43. Ke4 Rf8 44. Kd4 Re8 45. Rf3 Rd8+ 46. Kc4
Rd5 47. Rf6 Rg5 48. Rh6 Rf5 49. Rd6 Rf3 50. h4 Rf4+ 51. Rd4 Rg4 52. Rxg4 hxg4
53. Kd3 Kc5 54. Ke4 Kb4 55. h5 Kxb3 56. h6 Kxa4 57. h7 Kb3 58. h8=Q a4 59. Qb8+
Ka2 60. Kd3 a3 61. Kc2 1-0

[Event "4NCL Online Division 4"]
[Site "online"]
[Date "2020.08.25"]
[Round "1.44"]
[White "Foreman, Anthony"]
[Black "Mills, Matt"]
[Result "0-1"]
[WhiteElo "1570"]
[BlackElo "1480"]
[PlyCount "92"]
[EventDate "2020.08.25"]
[WhiteTeam "Catford Cosmonauts 3"]
[BlackTeam "Wantage"]

1. Nf3 Nc6 2. d4 d5 3. c4 Nf6 4. Nc3 e6 5. Bg5 Bb4 6. e3 h6 7. Bxf6 Qxf6 8. a3
Bxc3+ 9. bxc3 O-O 10. cxd5 exd5 11. Be2 Ne7 12. O-O c6 13. Ne5 Ng6 14. f4 Nxe5
15. fxe5 Qe7 16. Qd3 g6 17. Rf6 Bf5 18. Qd2 Rae8 19. Bd3 Bxd3 20. Qxd3 Qd7 21.
Raf1 Re6 22. e4 dxe4 23. Qxe4 Rxf6 24. exf6 Qe6 25. Qf4 Kh7 26. g4 g5 27. Qf5+
Qxf5 28. Rxf5 Kg6 29. Kf2 Re8 30. Re5 Re6 31. Ke3 Kxf6 32. Ke4 b6 33. c4 c5 34.
Rxe6+ Kxe6 35. d5+ Kf6 36. a4 a6 37. h3 a5 38. Kd3 Ke5 39. Ke3 f5 40. gxf5 Kxf5
41. Kf3 h5 42. d6 Ke6 43. Ke4 Kxd6 44. Kf5 g4 45. hxg4 hxg4 46. Kxg4 Ke5 0-1

[Event "4NCL Online Division 4"]
[Site "online"]
[Date "2020.08.25"]
[Round "1.51"]
[White "Jayawarna, Thisumi"]
[Black "Millar, Stephen"]
[Result "1/2-1/2"]
[WhiteElo "1705"]
[BlackElo "1802"]
[PlyCount "126"]
[EventDate "2020.08.25"]
[WhiteTeam "Manchester Juniors B"]
[BlackTeam "St Albans 2"]

1. e4 d5 2. exd5 Qxd5 3. Nc3 Qd6 4. d4 Nf6 5. h3 Nc6 6. Nf3 a6 7. Bd3 Nxd4 8.
Nxd4 c6 9. Nf3 g6 10. O-O Bg7 11. Be3 Be6 12. Be2 Qb4 13. Qc1 O-O 14. a3 Qa5
15. Bh6 Rfd8 16. Bxg7 Kxg7 17. Rd1 Rxd1+ 18. Qxd1 Rd8 19. Qe1 Bf5 20. Rc1 h5
21. Na2 Qc7 22. Nb4 c5 23. Nd3 Ne4 24. Nh4 Bc8 25. Bxh5 Nf6 26. Bd1 Rh8 27. Nf3
Nd5 28. Qe5+ Qxe5 29. Nfxe5 f6 30. Nc4 b5 31. Ne3 Nxe3 32. fxe3 c4 33. Nf4 Rd8
34. Bf3 Rd2 35. Kf1 g5 36. Nh5+ Kg6 37. Ng3 f5 38. Ke1 Rd8 39. Rd1 Rh8 40. Ke2
Kf6 41. Kf2 Kg6 42. Ne2 Kf6 43. Nc3 e6 44. Rd6 Ke7 45. Rd1 Kf6 46. Bc6 Ke7 47.
Ne2 Rg8 48. Nd4 Rd8 49. Bxb5 Rxd4 50. Rxd4 axb5 51. a4 e5 52. Rd5 bxa4 53.
Rxe5+ Kd6 54. Ra5 Bd7 55. Ra6+ Kc5 56. Rg6 Bc8 57. Rxg5 c3 58. bxc3 a3 59. Rg7
Kb6 60. Rg6+ Kb5 61. Rg7 Kb6 62. Rg6+ Kb5 63. Rg7 Kb6 1/2-1/2

[Event "4NCL Online Division 4"]
[Site "online"]
[Date "2020.08.25"]
[Round "1.52"]
[White "Palmer, James C"]
[Black "Fairclough, William"]
[Result "0-1"]
[WhiteElo "1705"]
[BlackElo "1465"]
[PlyCount "102"]
[EventDate "2020.08.25"]
[WhiteTeam "St Albans 2"]
[BlackTeam "Manchester Juniors B"]

1. e4 e5 2. f4 Nc6 3. Nf3 d6 4. Bc4 Bg4 5. c3 Nf6 6. Qb3 Qd7 7. Bxf7+ Qxf7 8.
Qxb7 Rb8 9. Qxc6+ Kd8 10. fxe5 dxe5 11. Nxe5 Qh5 12. Nxg4 Qxg4 13. O-O Nxe4 14.
d3 Bc5+ 15. d4 Bd6 16. Nd2 Nxd2 17. Bxd2 Re8 18. b3 Rb6 19. Qa8+ Kd7 20. Rf7+
Re7 21. Rxe7+ Bxe7 22. Re1 Re6 23. Rxe6 Qxe6 24. Qf3 Qa6 25. a4 Qb6 26. b4 Qa6
27. a5 Qg6 28. Kf2 Qc2 29. Qe3 Qf5+ 30. Ke2 Qh5+ 31. Kd3 Qg6+ 32. Kc4 Qxg2 33.
d5 Qf1+ 34. Qd3 Qf6 35. Qxh7 Qa6+ 36. b5 Qxa5 37. Qxg7 Qa4+ 38. Kd3 Qxb5+ 39.
c4 Qb1+ 40. Ke3 Qb3+ 41. Qc3 Bg5+ 42. Ke2 Qxc3 43. Bxc3 Kd6 44. Bd4 a5 45. Kf3
a4 46. Kg4 Bc1 47. h4 a3 48. Bg7 Bb2 49. Bf8+ Ke5 50. Bxa3 Bxa3 51. h5 Bc1 0-1

[Event "4NCL Online Division 4"]
[Site "online"]
[Date "2020.08.25"]
[Round "1.53"]
[White "Correa, Rebecca"]
[Black "Angel, George"]
[Result "1-0"]
[WhiteElo "1435"]
[BlackElo "1547"]
[PlyCount "113"]
[EventDate "2020.08.25"]
[WhiteTeam "Manchester Juniors B"]
[BlackTeam "St Albans 2"]

1. d4 Nf6 2. Nf3 d5 3. Bf4 Bg4 4. e3 e6 5. h3 Bh5 6. Bd3 c5 7. c3 Bd6 8. Bxd6
Qxd6 9. O-O Nbd7 10. Nbd2 O-O 11. Re1 Rfe8 12. e4 e5 13. dxe5 Nxe5 14. Be2 Nxe4
15. Nxe4 Qb6 16. Ng3 Bg6 17. Qd2 Rad8 18. Nxe5 Rxe5 19. Bf3 f6 20. Rxe5 fxe5
21. Rd1 Bf7 22. Nf5 d4 23. cxd4 cxd4 24. a3 Qe6 25. Ng3 b6 26. Ne4 Bg6 27. Qg5
Rf8 28. Qg4 Bf5 29. Qg5 Qb3 30. Qd2 Bxh3 31. Qd3 Qxd3 32. Rxd3 Bf5 33. Rd1 Bxe4
34. Bxe4 Rc8 35. Rd2 h6 36. Rc2 Rc5 37. Rxc5 bxc5 38. Kf1 Kf7 39. Ke2 g5 40.
Kd3 Ke6 41. Kc4 Kd6 42. g4 a6 43. a4 a5 44. b3 Ke6 45. Kxc5 Kd7 46. Kb5 Kc7 47.
Kxa5 Kd6 48. Kb6 Kd7 49. Kb7 Kd6 50. a5 Kc5 51. a6 Kb4 52. a7 Kxb3 53. a8=Q Kc3
54. Qa3+ Kd2 55. Qd3+ Ke1 56. Bf3 h5 57. Qe2# 1-0

[Event "4NCL Online Division 4"]
[Site "online"]
[Date "2020.08.25"]
[Round "1.54"]
[White "Pines, Chris"]
[Black "Eccleston, Bryony"]
[Result "1-0"]
[WhiteElo "1555"]
[BlackElo "1405"]
[PlyCount "137"]
[EventDate "2020.08.25"]
[WhiteTeam "St Albans 2"]
[BlackTeam "Manchester Juniors B"]

1. c4 Nf6 2. Nc3 e6 3. b3 d5 4. cxd5 Nxd5 5. Bb2 Bc5 6. Nxd5 Qxd5 7. Bxg7 Rg8
8. Bc3 Rxg2 9. e3 Rg8 10. Qf3 Qxf3 11. Nxf3 b6 12. Rg1 Rxg1 13. Nxg1 Bb7 14.
Bd3 f5 15. Bf6 Nd7 16. Bh4 Kf7 17. Ne2 Rg8 18. Bg3 Bd6 19. Nf4 Ne5 20. Be2 Bf3
21. d4 Bb4+ 22. Kf1 Bxe2+ 23. Kxe2 Ng4 24. h3 Nf6 25. Nd3 Bd6 26. Ne5+ Ke8 27.
Rg1 Ne4 28. Kd3 Bxe5 29. dxe5 Kd7 30. a4 Kc6 31. Ke2 Kc5 32. Rc1+ Kb4 33. Rxc7
Kxb3 34. Rxa7 h5 35. Kf3 Nc3 36. a5 bxa5 37. Rxa5 Ne4 38. Bh4 Kc3 39. Ra7 Ng5+
40. Bxg5 Rxg5 41. Rh7 Kd3 42. Rh6 h4 43. Rxe6 Kc4 44. Rh6 Kd5 45. e6 Rg7 46.
Rxh4 Kxe6 47. Kf4 Rg2 48. Kf3 Rg7 49. Rh6+ Ke5 50. Ke2 Rg2 51. Kf3 Rg7 52. Rh5
Rg6 53. e4 Rf6 54. Rxf5+ Rxf5+ 55. exf5 Kxf5 56. Kg3 Kg5 57. f4+ Kf5 58. h4 Kg6
59. Kg4 Kf6 60. h5 Kg7 61. Kg5 Kf7 62. h6 Kg8 63. f5 Kf8 64. Kg6 Kg8 65. f6 Kh8
66. Kf5 Kg8 67. Ke6 Kf8 68. h7 Ke8 69. h8=Q# 1-0

[Event "4NCL Online Division 4"]
[Site "online"]
[Date "2020.08.25"]
[Round "1.61"]
[White "Ball, Matthew P"]
[Black "Dunlop, Anthony"]
[Result "1/2-1/2"]
[WhiteElo "1690"]
[BlackElo "1784"]
[PlyCount "129"]
[EventDate "2020.08.25"]
[WhiteTeam "Doughnuts of Doom"]
[BlackTeam "East Kilbride Strollers"]

1. d4 c6 2. Nc3 d5 3. Bf4 Bf5 4. f3 e6 5. g4 Bg6 6. h4 h5 7. g5 Qb6 8. Rb1 Nd7
9. e3 a6 10. Bd3 Ne7 11. Nge2 Nf5 12. Ng3 Nxg3 13. Bxg3 Bxd3 14. Qxd3 Be7 15.
O-O g6 16. Ne2 c5 17. c3 O-O 18. Kg2 Rac8 19. Nf4 Kg7 20. Qe2 cxd4 21. exd4 Rc6
22. Nd3 f6 23. Nf4 Re8 24. Rfe1 Kf7 25. Qd3 f5 26. Qe2 Qb5 27. Nd3 Bd8 28. Ne5+
Nxe5 29. Bxe5 Qxe2+ 30. Rxe2 Bb6 31. Kf2 Ba7 32. Rc2 Rec8 33. Ke2 b5 34. Kd3
Bb6 35. Bf4 Ba5 36. Bd2 Bc7 37. f4 Bd6 38. Rbc1 a5 39. Re1 b4 40. Rb1 a4 41.
Rcc1 Ke7 42. b3 Kd7 43. cxb4 axb3 44. axb3 Rxc1 45. Rxc1 Rxc1 46. Bxc1 Bxb4 47.
Bd2 Bd6 48. Kc2 Kc6 49. Kd3 Kb5 50. Kc2 Ba3 51. Bc3 Bd6 52. Bd2 Bc7 53. Kc1 Bb6
54. Bc3 Bd8 55. Kc2 Be7 56. Kc1 Bd6 57. Bd2 Ba3+ 58. Kc2 Bd6 59. Kc1 Bc7 60.
Kc2 Bb6 61. Bc3 Ba7 62. Kc1 Bb8 63. Bd2 Bc7 64. Kc2 Bd6 65. Kc1 1/2-1/2

[Event "4NCL Online Division 4"]
[Site "online"]
[Date "2020.08.25"]
[Round "1.62"]
[White "Madhavan, Sanjith"]
[Black "Ball, Katie C"]
[Result "1-0"]
[WhiteElo "1498"]
[BlackElo "1532"]
[PlyCount "73"]
[EventDate "2020.08.25"]
[WhiteTeam "East Kilbride Strollers"]
[BlackTeam "Doughnuts of Doom"]

1. e4 e6 2. d4 d5 3. Nd2 Nf6 4. e5 Nfd7 5. f4 c5 6. Ndf3 Nc6 7. c3 cxd4 8. cxd4
Qb6 9. Ne2 Be7 10. g3 O-O 11. Bh3 Qb4+ 12. Kf2 Nb6 13. a3 Qb5 14. Nc3 Qc4 15.
Bf1 Nxe5 16. Bxc4 Ng4+ 17. Kg2 Nxc4 18. Re1 Bd7 19. h3 Nf6 20. Ne5 Rfc8 21. Qe2
a6 22. Nxd5 Bc6 23. Nxc6 Nxd5 24. Nxe7+ Nxe7 25. b3 Na5 26. Qd3 Rc7 27. Bb2
Rac8 28. Rac1 Nac6 29. Rc4 Rd7 30. Qc2 Rcd8 31. Rd1 Nf5 32. Qc3 Rd6 33. g4 Nh4+
34. Kg3 Ng6 35. Re1 Nge7 36. d5 Nxd5 37. Qxg7# 1-0

[Event "4NCL Online Division 4"]
[Site "online"]
[Date "2020.08.25"]
[Round "1.63"]
[White "Ball, Charlie"]
[Black "Peakman, Jonlee"]
[Result "0-1"]
[WhiteElo "1600"]
[BlackElo "1261"]
[PlyCount "54"]
[EventDate "2020.08.25"]
[WhiteTeam "Doughnuts of Doom"]
[BlackTeam "East Kilbride Strollers"]

1. e4 c5 2. d4 cxd4 3. c3 dxc3 4. Nxc3 e6 5. Nf3 Nc6 6. Bc4 Bb4 7. O-O Nge7 8.
Qe2 O-O 9. Rd1 a6 10. Bg5 b5 11. Bb3 h6 12. Bf4 Ng6 13. Be3 Bb7 14. a3 Be7 15.
Rac1 Bf6 16. Bc5 Re8 17. Qe3 d5 18. Bb6 d4 19. Bxd4 Nxd4 20. Nxd4 Bg5 21. Qe2
Bxc1 22. Nxe6 Qe7 23. Nd4 Bf4 24. Nf5 Qf6 25. g3 Bxe4 26. gxf4 Bxf5 27. Qd2
Rad8 0-1

[Event "4NCL Online Division 4"]
[Site "online"]
[Date "2020.08.25"]
[Round "1.64"]
[White "Tandon, Ashley"]
[Black "Owladi, Dara"]
[Result "1-0"]
[WhiteElo "911"]
[BlackElo "1030"]
[PlyCount "63"]
[EventDate "2020.08.25"]
[WhiteTeam "East Kilbride Strollers"]
[BlackTeam "Doughnuts of Doom"]

1. d4 d5 2. c4 e5 3. dxe5 d4 4. Nf3 Nc6 5. a3 a5 6. e3 Bc5 7. e4 f6 8. exf6
Nxf6 9. e5 Ng4 10. Bf4 d3 11. Bg3 Bf5 12. h3 Nh6 13. Nc3 O-O 14. Nh4 Qe7 15.
Nd5 Qd7 16. Bxd3 Bxd3 17. Qxd3 Qd8 18. O-O Nxe5 19. Bxe5 Qxh4 20. Bg3 Qd4 21.
Qxd4 Bxd4 22. Nxc7 Nf5 23. Nxa8 Nxg3 24. Rfd1 Bxf2+ 25. Kh2 Rxa8 26. Rd2 Ne4
27. Rd7 Rb8 28. b4 axb4 29. axb4 b5 30. cxb5 Rxb5 31. Ra8+ Rb8 32. Rxb8# 1-0

[Event "4NCL Online Division 4"]
[Site "online"]
[Date "2020.08.25"]
[Round "1.71"]
[White "Tyton, Adam"]
[Black "Rizvi, Nasir"]
[Result "0-1"]
[WhiteElo "1915"]
[BlackElo "1989"]
[PlyCount "58"]
[EventDate "2020.08.25"]
[WhiteTeam "Bolton and Worsley"]
[BlackTeam "4 Gems"]

1. e4 d6 2. d4 Nf6 3. Nc3 Nbd7 4. Nf3 e5 5. Bc4 h6 6. O-O Be7 7. h3 c6 8. dxe5
dxe5 9. Be3 Qc7 10. Qe2 Nf8 11. Rad1 Rg8 12. Rd2 g5 13. Ne1 Ng6 14. Nd3 Nf4 15.
Bxf4 gxf4 16. Kh1 Bd7 17. Rfd1 Rg7 18. a4 O-O-O 19. b4 Rdg8 20. Rg1 Bxh3 21.
Ne1 Bxb4 22. Rd3 Bg4 23. Nf3 Rg5 24. Rb1 Bxc3 25. Rxc3 Bxf3 26. Qxf3 Rxg2 27.
Qh3+ Kb8 28. Ba6 b6 29. Qf5 R2g5 0-1

[Event "4NCL Online Division 4"]
[Site "online"]
[Date "2020.08.25"]
[Round "1.72"]
[White "Damodaran, Patrick"]
[Black "Doherty, Paul"]
[Result "0-1"]
[WhiteElo "1498"]
[BlackElo "1738"]
[PlyCount "124"]
[EventDate "2020.08.25"]
[WhiteTeam "4 Gems"]
[BlackTeam "Bolton and Worsley"]

1. c4 f5 2. d4 e6 3. Nc3 Nf6 4. Bg5 Bb4 5. Qc2 O-O 6. a3 Bxc3+ 7. bxc3 d6 8. e3
Qe8 9. Bd3 b6 10. Ne2 Bb7 11. f3 Nbd7 12. e4 fxe4 13. fxe4 e5 14. d5 Qh5 15.
Be3 Ng4 16. Bg1 Rf6 17. O-O-O Nf2 18. Bxf2 Rxf2 19. g3 Nc5 20. Rde1 Rxh2 21.
Rxh2 Qxh2 22. Qd1 Qf2 23. Bc2 Ba6 24. Rf1 Qe3+ 25. Kb2 Bxc4 26. Re1 Nxe4 27.
Bxe4 Qxe4 28. Nf4 Qf5 29. Ne6 Qf2+ 30. Kc1 Qxg3 31. Rg1 Qxc3+ 32. Kb1 Bd3+ 33.
Ka2 Qc4+ 34. Kb2 Bg6 35. Rg4 Qb5+ 36. Rb4 Qd7 37. Rc4 c5 38. a4 b5 39. Rg4 bxa4
40. Qxa4 Rb8+ 41. Kc3 Qb7 42. Qa2 Qb5 43. Rc4 e4 44. Nc7 Qb7 45. Na6 Re8 46.
Nxc5 dxc5 47. d6 Bf7 48. d7 Qxd7 49. Qc2 Bxc4 50. Kxc4 Qd3+ 51. Qxd3 exd3 52.
Kxd3 a5 53. Kc4 Rc8 54. Kc3 a4 55. Kb2 c4 56. Kc3 a3 57. Kc2 a2 58. Kb2 c3+ 59.
Ka1 c2 60. Kxa2 c1=Q 61. Kb3 Qb1+ 62. Ka3 Ra8# 0-1

[Event "4NCL Online Division 4"]
[Site "online"]
[Date "2020.08.25"]
[Round "1.73"]
[White "Lamb, Ian"]
[Black "Gogia, Abeer"]
[Result "0-1"]
[WhiteElo "1690"]
[BlackElo "1324"]
[PlyCount "112"]
[EventDate "2020.08.25"]
[WhiteTeam "Bolton and Worsley"]
[BlackTeam "4 Gems"]

1. d4 d5 2. Nf3 Nf6 3. g3 e6 4. Bg2 c5 5. O-O Nc6 6. c4 Be7 7. cxd5 exd5 8. Be3
c4 9. Nc3 Be6 10. b3 Bb4 11. Rc1 Bxc3 12. Rxc3 b5 13. bxc4 bxc4 14. Ne5 Rc8 15.
Qa4 Qb6 16. Ra3 O-O 17. Nxc6 Rxc6 18. Qxa7 Qxa7 19. Rxa7 c3 20. Rc1 c2 21. Rb7
Bf5 22. h3 h6 23. g4 Bg6 24. g5 hxg5 25. Bxg5 Ne4 26. Be7 Ra8 27. a3 Nc3 28.
Rb2 Nxe2+ 29. Kh2 Nxc1 30. Bxd5 Rac8 31. Bxc6 Rxc6 32. d5 Rc8 33. d6 Bf5 34.
Bg5 Nd3 35. Rb6 c1=Q 36. Bxc1 Nxc1 37. a4 Nd3 38. a5 Nc5 39. a6 Nd7 40. Rb7 Ra8
41. a7 Kh7 42. Kg3 Kg6 43. h4 Kf6 44. Kf4 Ke6 45. h5 Bh3 46. Kg5 Kxd6 47. h6
gxh6+ 48. Kxh6 Kc6 49. Rb2 Rxa7 50. Kg7 Be6 51. f4 Ra5 52. Rc2+ Kd6 53. Rd2+
Ke7 54. Rg2 Rf5 55. Rf2 Ne5 56. Rf1 Ng6 0-1

[Event "4NCL Online Division 4"]
[Site "online"]
[Date "2020.08.25"]
[Round "1.74"]
[White "Rizvi, Zara"]
[Black "Busznyak, Arpad"]
[Result "0-1"]
[WhiteElo "1076"]
[BlackElo "1547"]
[PlyCount "64"]
[EventDate "2020.08.25"]
[WhiteTeam "4 Gems"]
[BlackTeam "Bolton and Worsley"]

1. d4 d5 2. c4 e6 3. Nc3 c5 4. Nf3 Nf6 5. Bg5 Be7 6. e3 cxd4 7. exd4 b6 8. Bd3
h6 9. Bxf6 Bxf6 10. O-O O-O 11. Qb3 Bb7 12. cxd5 exd5 13. Nxd5 Bxd5 14. Qd1 Nc6
15. Bc2 Qd6 16. Qd3 g6 17. Rad1 Rac8 18. Bb3 Bxb3 19. axb3 Rfd8 20. d5 Nb4 21.
Qd2 Kg7 22. Rc1 Rxc1 23. Rxc1 a5 24. h3 Nxd5 25. Qc2 Nf4 26. Kh1 Nd3 27. Rb1
Re8 28. Kg1 Nf4 29. Kh2 Re2 30. Qc1 Rxf2 31. Qg1 Nxg2+ 32. Kh1 Qg3 0-1

[Event "4NCL Online Division 4"]
[Site "online"]
[Date "2020.08.25"]
[Round "1.81"]
[White "Arora, Tashika"]
[Black "Hooker, Steve"]
[Result "1/2-1/2"]
[WhiteElo "1855"]
[BlackElo "1960"]
[PlyCount "104"]
[EventDate "2020.08.25"]
[WhiteTeam "Oxford 3"]
[BlackTeam "Dorking Casuals"]

1. d4 g6 2. Bg5 Bg7 3. e4 h6 4. Bf4 a6 5. Nf3 b5 6. c4 Bb7 7. cxb5 Bxe4 8. Nc3
Bb7 9. Be2 Nf6 10. O-O O-O 11. a3 d6 12. Rc1 Nbd7 13. bxa6 Bxa6 14. Bxa6 Rxa6
15. Qe2 Ra8 16. Ra1 c5 17. Rfe1 cxd4 18. Nxd4 e5 19. Nc6 Qe8 20. Bg3 Nc5 21.
Nb4 Nb3 22. Rad1 Nd4 23. Qc4 Rc8 24. Qa6 Qd7 25. Qd3 h5 26. Nc2 Nxc2 27. Qxc2
Qc6 28. Qd2 Rfd8 29. Bh4 Rd7 30. Bxf6 Bxf6 31. Nd5 Bg7 32. Rc1 Qb7 33. Rxc8+
Qxc8 34. Nb6 Qb7 35. Nxd7 Qxd7 36. Rd1 Bf8 37. b4 Qa4 38. Ra1 e4 39. Qd1 Qa7
40. a4 Bg7 41. Rb1 Bd4 42. Qc2 d5 43. b5 Bb6 44. Rd1 e3 45. fxe3 Bxe3+ 46. Kf1
Qb8 47. g3 Qe5 48. Qg2 Qf6+ 49. Ke1 Qc3+ 50. Kf1 Qf6+ 51. Ke1 Qc3+ 52. Kf1 Qf6+
1/2-1/2